<?xml version="1.0" encoding="UTF-8"?>
<record
    xmlns:xsi="http://www.w3.org/2001/XMLSchema-instance"
    xsi:schemaLocation="http://www.loc.gov/MARC21/slim http://www.loc.gov/standards/marcxml/schema/MARC21slim.xsd"
    xmlns="http://www.loc.gov/MARC21/slim">

  <leader>02391njm a2200397Ia 4500</leader>
  <controlfield tag="001">B5477</controlfield>
  <controlfield tag="003">IT-RoPAU</controlfield>
  <controlfield tag="005">20220918181117.0</controlfield>
  <controlfield tag="008">131025s9999    xx            000 0 und d</controlfield>
  <datafield tag="040" ind1=" " ind2=" ">
    <subfield code="a">IT-RoPAU</subfield>
  </datafield>
  <datafield tag="040" ind1=" " ind2=" ">
    <subfield code="c">IT-RoPAU</subfield>
  </datafield>
  <datafield tag="041" ind1=" " ind2=" ">
    <subfield code="a">ITALIANO</subfield>
  </datafield>
  <datafield tag="999" ind1=" " ind2=" ">
    <subfield code="c">99473</subfield>
    <subfield code="d">99473</subfield>
  </datafield>
  <datafield tag="999" ind1=" " ind2=" ">
    <subfield code="b">n.d.</subfield>
  </datafield>
  <datafield tag="100" ind1=" " ind2=" ">
    <subfield code="a">AA.VV.</subfield>
    <subfield code="9">794</subfield>
  </datafield>
  <datafield tag="100" ind1=" " ind2=" ">
    <subfield code="e">Autore musica</subfield>
    <subfield code="9">29087</subfield>
  </datafield>
  <datafield tag="100" ind1=" " ind2=" ">
    <subfield code="g">Codice autore musica SPICS: 12000</subfield>
    <subfield code="9">796</subfield>
  </datafield>
  <datafield tag="245" ind1=" " ind2=" ">
    <subfield code="a">Ti ha dato tutto</subfield>
  </datafield>
  <datafield tag="250" ind1=" " ind2=" ">
    <subfield code="a">1a ed.</subfield>
  </datafield>
  <datafield tag="260" ind1=" " ind2=" ">
    <subfield code="a">ALBANO</subfield>
  </datafield>
  <datafield tag="260" ind1=" " ind2=" ">
    <subfield code="b">EP - MUSICALI E DISCOGRAFICHE</subfield>
    <subfield code="c">1992 [1a Ed.:1992 - Ed. Lingua Orig.: 1992]</subfield>
  </datafield>
  <datafield tag="300" ind1=" " ind2=" ">
    <subfield code="a">MUSICASSETTA</subfield>
  </datafield>
  <datafield tag="300" ind1=" " ind2=" ">
    <subfield code="c">37 minuti (Testo: 0 pag.)</subfield>
  </datafield>
  <datafield tag="500" ind1=" " ind2=" ">
    <subfield code="a">Musica religiosa. Canti vocazionali. Cantautore di Dio</subfield>
  </datafield>
  <datafield tag="505" ind1=" " ind2=" ">
    <subfield code="a">Ti ho dato tutto [(Cento Giosy) (3:00)] - Guarda il mio cielo [(Troncossi Patrizia) (5:00)] - E' carit&#xE0; che doni [(Bonelli Giuliano) (4:00)] - Tutto sei per me [(Fanelli Pino) (4:00)] - Scopriremo l'infinito [(Migani Paolo) (4:00)] - Mi hai chiamato a te [(Migliarese Mario) (4:00)] - Per un amore grande [(Mazzilli Stefano) (4:00)] - Chi ci separer&#xE0; [(Comi Pierangelo) (4:00)] - Tutto il mio amore [(Cori Piera) (4:00)] - La festa della vita [(Fanelli Pino) (4:00)]</subfield>
  </datafield>
  <datafield tag="650" ind1=" " ind2=" ">
    <subfield code="a">VOCAZIONALE [CASSETTE]</subfield>
    <subfield code="e">Codice MATERIA SPICS: 9951</subfield>
    <subfield code="9">25692</subfield>
  </datafield>
  <datafield tag="700" ind1=" " ind2=" ">
    <subfield code="a">Cento Giosy</subfield>
    <subfield code="d">Codice autore testo/musica SPICS: 10822</subfield>
    <subfield code="e">Autore testo/musica</subfield>
    <subfield code="p">Ti ho dato tutto</subfield>
    <subfield code="9">29088</subfield>
  </datafield>
  <datafield tag="700" ind1=" " ind2=" ">
    <subfield code="a">Troncossi Patrizia</subfield>
    <subfield code="d">Codice autore testo/musica SPICS: 35399</subfield>
    <subfield code="e">Autore testo/musica</subfield>
    <subfield code="p">Guarda il mio cielo</subfield>
    <subfield code="9">29089</subfield>
  </datafield>
  <datafield tag="700" ind1=" " ind2=" ">
    <subfield code="a">Bonelli Giuliano</subfield>
    <subfield code="d">Codice autore testo/musica SPICS: 38412</subfield>
    <subfield code="e">Autore testo/musica</subfield>
    <subfield code="p">E' carit&#xE0; che doni</subfield>
    <subfield code="9">29090</subfield>
  </datafield>
  <datafield tag="700" ind1=" " ind2=" ">
    <subfield code="a">Fanelli Pino</subfield>
    <subfield code="d">Codice autore testo/musica SPICS: 27268</subfield>
    <subfield code="e">Autore testo/musica</subfield>
    <subfield code="p">Tutto sei per me - La festa della vita</subfield>
    <subfield code="9">29091</subfield>
  </datafield>
  <datafield tag="700" ind1=" " ind2=" ">
    <subfield code="a">Migani Paolo</subfield>
    <subfield code="d">Codice autore testo/musica SPICS: 23925</subfield>
    <subfield code="e">Autore testo/musica</subfield>
    <subfield code="p">Scopriremo l'infinito</subfield>
    <subfield code="9">29092</subfield>
  </datafield>
  <datafield tag="700" ind1=" " ind2=" ">
    <subfield code="a">Migliarese Mario</subfield>
    <subfield code="d">Codice autore testo/musica SPICS: 23927</subfield>
    <subfield code="e">Autore testo/musica</subfield>
    <subfield code="p">Mi hai chiamato a te</subfield>
    <subfield code="9">29093</subfield>
  </datafield>
  <datafield tag="700" ind1=" " ind2=" ">
    <subfield code="a">Mazzilli Stefano</subfield>
    <subfield code="d">Codice autore testo/musica SPICS: 35357</subfield>
    <subfield code="e">Autore testo/musica</subfield>
    <subfield code="p">Per un amore grande</subfield>
    <subfield code="9">29094</subfield>
  </datafield>
  <datafield tag="700" ind1=" " ind2=" ">
    <subfield code="a">Comi Pierangelo</subfield>
    <subfield code="d">Codice autore testo/musica SPICS: 10834</subfield>
    <subfield code="e">Autore testo/musica</subfield>
    <subfield code="p">Chi ci separer&#xE0;</subfield>
    <subfield code="9">29095</subfield>
  </datafield>
  <datafield tag="700" ind1=" " ind2=" ">
    <subfield code="a">Cori Piera</subfield>
    <subfield code="d">Codice autore testo/musica SPICS: 11298</subfield>
    <subfield code="e">Autore testo/musica</subfield>
    <subfield code="p">Tutto il mio amore</subfield>
    <subfield code="9">29096</subfield>
  </datafield>
  <datafield tag="942" ind1=" " ind2=" ">
    <subfield code="c">MC</subfield>
    <subfield code="2">ddc</subfield>
  </datafield>
  <datafield tag="952" ind1=" " ind2=" ">
    <subfield code="0">0</subfield>
    <subfield code="1">0</subfield>
    <subfield code="4">0</subfield>
    <subfield code="6">B_5477_000000000000000</subfield>
    <subfield code="7">1</subfield>
    <subfield code="a">SPICS</subfield>
    <subfield code="b">SPICS</subfield>
    <subfield code="d">2013-10-25</subfield>
    <subfield code="l">0</subfield>
    <subfield code="o">B5477</subfield>
    <subfield code="r">2013-10-25 00:00:00</subfield>
    <subfield code="w">2013-10-25</subfield>
    <subfield code="y">MC</subfield>
    <subfield code="z">Progr. Ins.: 730 / N.Vol.: 1 / Copie: 1 - Copia rara: n.d. / date import: 01.01.2014 - By Epidotti, Trombetti, Vaglietti</subfield>
  </datafield>
</record>
